St. George Regional Airport Destinations (St. George, UT, USA) - Statistics

General Stats
  • This quiz has been taken 76 times
    28 since last reset
  • The average score is 5 of 6
Answer Stats
Airline Destination % Correct
Delta Connection Salt Lake City
96%
American Eagle Dallas/Fort Worth
91%
United Express Denver
91%
United Express Los Angeles
91%
United Express Chicago (O'Hare)
87%
American Eagle Phoenix (Sky Harbor)
78%
No matching quizzes found
Score Distribution
Percent of People with Each Score
Percentile by Number Answered
Your Score History
You have not taken this quiz since the last reset